| 000 | 00866na a2200265 4500 | ||
|---|---|---|---|
| 001 | 15678 | ||
| 003 | MIRAKIL | ||
| 005 | 20181213155208.0 | ||
| 008 | 161005b tu 000 0 | ||
| 035 | _a15678 | ||
| 040 |
_aMilas _btur _cTR-AnCHP |
||
| 041 | _atur | ||
| 082 |
_a305.552 _bK91a 1985 |
||
| 090 | _a305.552 K91a 1985 | ||
| 100 |
_aKüçük, Yalçın _d1938- |
||
| 245 |
_aAydın üzerine tezler _b1830-1980 _cYalçın Küçük |
||
| 250 | _a2. bs. | ||
| 260 |
_aAnkara _bTekin Yayınevi _c1985 |
||
| 300 |
_a5.c _bfotg. , res _c19 sm. |
||
| 650 |
_aAydınlar _xSiyasal ve sosyal görüşler _yDenemeler _zTürkiye |
||
| 650 |
_aEntelektüeller _xSiyasal ve sosyal görüşler _yDenemeler _zTürkiye |
||
| 650 |
_aDüşünme ve düşünce _xTanzimat hareketleri _zTürkiye |
||
| 651 |
_aTürkiye _xSiyaset ve yönetim _yTanzimat dönemi |
||
| 942 |
_2ddc _cBKS |
||
| 999 |
_c8343 _d8343 |
||